000 01091nam a2200241Ia 4500
003 Ost
005 20260507075314.0
008 260507s9999||||xx |||||||||||||| ||und||
020 _a8752499539
040 _cfsecg
041 _aara
082 _a330
100 _aالجواري، سلطان عبد الله محمود
_eمؤلف
245 0 _aالقانون الواجب التطبيق على الحساب الجاري و الاعتماد المستندي :
_bدراسة مقارنة /
_c سلطان عبد الله محمود الجواري
260 _aبيروت:
_bمنشورات الحلبي الحقوقية,
_c2010
300 _a192 صفحة؛
_c25 سم
504 _aببليوغرافيا: ص.177-188
520 _aقاعدة خضوع العقد لقانون الإداري، القانون الواجب التطيسق على الحساب الجاري، القانون الواجب التطبيق على الإعتماد المستندي
653 _aالإعتمادات المستندية
653 _aالبنوك
653 _aالعقود
942 _cكتاب
999 _c43884
_d43884